The effect of pollution on worker productivity: evidence form call center workers in China (Record no. 509917)

000 -LEADER
fixed length control field 00468nam a2200145 4500
008 - FIXED-LENGTH DATA ELEMENTS--GENERAL INFORMATION
fixed length control field 190704b ||||| |||| 00| 0 eng d
100 ## - MAIN ENTRY--PERSONAL NAME
Personal name Chang, Tom Y. et al
245 ## - TITLE STATEMENT
Title The effect of pollution on worker productivity: evidence form call center workers in China
260 ## - PUBLICATION, DISTRIBUTION, ETC. (IMPRINT)
Date of publication, distribution, etc 2019
300 ## - PHYSICAL DESCRIPTION
Extent p.151-172.
650 ## - SUBJECT ADDED ENTRY--TOPICAL TERM
Topical term or geographic name as entry element Labour productivity
9 (RLIN) 6739
773 ## - HOST ITEM ENTRY
Main entry heading American Economic Journal: Applied Economics
906 ## - LOCAL DATA ELEMENT F, LDF (RLIN)
Subject DIP Pollution - China
942 ## - ADDED ENTRY ELEMENTS (KOHA)
Source of classification or shelving scheme
Item type Articles
Holdings
Withdrawn status Lost status Source of classification or shelving scheme Damaged status Not for loan Permanent location Current location Date acquired Serial Enumeration / chronology Barcode Date last seen Koha item type
          Indian Institute of Public Administration Indian Institute of Public Administration 2019-07-04 11(1), Jan, 2019: p.151-172. AR120014 2019-07-04 Articles

Powered by Koha